فن تحرير الأخبار : (رقم التسجيلة. 123593)

تفاصيل مارك
000 -الفاتح
عناصر البيانات ثابتة الطول 00758cam a2200205 i 4500
005 - تاريخ ووقت آخر معاملة
حقل ضبط 20251108175011.0
008 - عناصر البيانات ثابتة الطول
عناصر البيانات ثابتة الطول 250721s2011 jo gr 000 0 ara d
082 14 - رقم تصنيف ديوي العشري
رقم التصنيف 070.43
رقم المادة خ و ر
100 1# - مدخل رئيسي – اسم شخصي
الاسم الشخصي الخوري، طارق موسى
علاقة الشخص بالعمل/ دوره مؤلف.
245 10 - بيان العنوان
العنوان فن تحرير الأخبار :
بقية العنوان أساسيات التحرير مقدمة الخبر وبنائة مع الأمثلة /
بيان المسؤولية طارق موسى الخوري.
250 ## - بيان الطبعة
بيان الطبعة الطبعة الاولى.
264 31 - بيانات النشر، التوزيع…إلخ
مكان النشر، التوزيع...إلخ عمان :
اسم الناشر، الموزع...إلخ المؤلف،
تاريخ النشر، التوزيع...إلخ 2011.
300 ## - الوصف المادي
عدد الوحدات المكونة للوعاء 287 صفحة.
650 17 - مدخل إضافي بالموضوع - مصطلح موضوعي
مصطلح موضوعي أو اسم جغرافي كعنصر مدخل الصحافة.
650 17 - مدخل إضافي بالموضوع - مصطلح موضوعي
مصطلح موضوعي أو اسم جغرافي كعنصر مدخل التحقيق الصحفي.
650 17 - مدخل إضافي بالموضوع - مصطلح موضوعي
مصطلح موضوعي أو اسم جغرافي كعنصر مدخل المحررون
650 17 - مدخل إضافي بالموضوع - مصطلح موضوعي
مصطلح موضوعي أو اسم جغرافي كعنصر مدخل التحرير ( الكتابة ).
942 ## - بيانات إضافية (كوها)
نوع التنصيف Dewey Decimal Classification
نوع المادة (كوها) كتب
المقتنيات
حالة السحب حالة الفقدان مصدر التصنيف حالة التلف غير قابل للإعارة المكتبة الرئيسية المكتبة الحالية موقع الرف تاريخ التزويد الرقم المتسلسل Total Checkouts رقم الإستدعاء الباركود تاريخ آخر ظهور تاريخ الفاتورة نوع المادة (كوها)
    Dewey Decimal Classification     المكتبة المركزية المكتبة المركزية الإعارة 28/07/2025 1448499   070.43 / خ و ر PLD00210542 28/07/2025 28/07/2025 كتب
    Dewey Decimal Classification     المكتبة المركزية المكتبة المركزية مقتنيات قسم التزويد 28/07/2025 1448501   070.43/خور   28/07/2025 28/07/2025 كتب
    Dewey Decimal Classification     المكتبة المركزية المكتبة المركزية مقتنيات قسم التزويد 28/07/2025 1448502   070.43/خور   28/07/2025 28/07/2025 كتب
    Dewey Decimal Classification     المكتبة المركزية المكتبة المركزية مقتنيات قسم التزويد 28/07/2025 1448503   070.43/خور   28/07/2025 28/07/2025 كتب
    Dewey Decimal Classification     المكتبة المركزية المكتبة المركزية مقتنيات قسم التزويد 28/07/2025 1448504   070.43/خور   28/07/2025 28/07/2025 كتب
    Dewey Decimal Classification     المكتبة المركزية المكتبة المركزية مقتنيات قسم التزويد 28/07/2025 1448505   070.43/خور   28/07/2025 28/07/2025 كتب
    Dewey Decimal Classification     المكتبة المركزية المكتبة المركزية مقتنيات قسم التزويد 28/07/2025 1448506   070.43/خور   28/07/2025 28/07/2025 كتب
    Dewey Decimal Classification     مكتبة أبو علندا العامة مكتبة أبو علندا العامة الإعارة 23/06/2011 1448507   070.43/خور PLD00210995 28/07/2025 23/06/2011 كتب
    Dewey Decimal Classification     مكتبة الأميرة ايمان العامة مكتبة الأميرة ايمان العامة الإعارة 23/06/2011 1448508   070.43/خور PLD00210996 28/07/2025 23/06/2011 كتب
    Dewey Decimal Classification     مكتبة الاميرة بديعة مكتبة الاميرة بديعة الإعارة 23/06/2011 1448509   070.43/خور PLD00210997 28/07/2025 23/06/2011 كتب
    Dewey Decimal Classification     مكتبة الجويدة مكتبة الجويدة الإعارة 23/06/2011 1448510   070.43/خور PLD00210998 28/07/2025 23/06/2011 كتب
    Dewey Decimal Classification     مكتبة الحسن العامة مكتبة الحسن العامة الإعارة 23/06/2011 1448512   070.43/خور PLD00211000 28/07/2025 23/06/2011 كتب
    Dewey Decimal Classification     مكتبة الراية الهاشمية للأطفال مكتبة الراية الهاشمية للأطفال الإعارة 07/02/2015 1591657   070.43/خور PLD00315564 28/07/2025 07/02/2015 كتب
    Dewey Decimal Classification     مكتبة النصر العامة مكتبة النصر العامة الإعارة 23/06/2011 1448511   070.43/خور PLD00210999 28/07/2025 23/06/2011 كتب
    Dewey Decimal Classification     مكتبة صويلح العامة مكتبة صويلح العامة الإعارة 23/06/2011 1448515   070.43/خور PLD00211003 28/07/2025 23/06/2011 كتب
    Dewey Decimal Classification     مكتبة مؤتة مكتبة مؤتة الإعارة 23/06/2011 1448513   070.43/خور PLD00211001 28/07/2025 23/06/2011 كتب
Implemented & Customized by: BBB with SCIT (Smart Chains for Information Technology)

Powered by Koha